Economic readjustment of an old cotton State : South Carolina, 1820-1860.

Bibliographic Details
Main Author: Smith, Alfred Glaze, 1913-
Format: Book
Language:English
Published: [Columbia] : University of South Carolina Press, 1958.
Subjects:

MARC

Tag First Indicator Second Indicator Subfields
LEADER 00000cam a2200000 4500
001 in00000064248
005 20151008051752.0
008 720421s1958 scu b 00000 eng u
010 |a  58001630  
035 |a (OCoLC)00290384 
035 |9 AAG9876AM 
040 |c YNG  |d TXA  |d UtOrBLW 
049 |a TXAM  |c [293899] 
050 0 |a HC107.S7  |b S58 1958 
092 |a 330.9757  |b S642e 
100 1 |a Smith, Alfred Glaze,  |d 1913- 
245 1 0 |a Economic readjustment of an old cotton State :  |b South Carolina, 1820-1860. 
264 1 |a [Columbia] :  |b University of South Carolina Press,  |c 1958. 
300 |a viii, 239 pages :  |b map, diagrams, tables. 
336 |a text  |b txt  |2 rdacontent 
337 |a unmediated  |b n  |2 rdamedia 
338 |a volume  |b nc  |2 rdacarrier 
500 |a Issued also in microfilm form as thesis, Columbia University. 
504 |a "Bibliographical note": pages 218-219. Bibliographical footnotes. 
651 0 |a South Carolina  |x Economic conditions. 
650 0 |a Industries  |z South Carolina. 
999 |a MARS 
999 f f |s e69a7332-066c-3d80-b394-f45ee905a810  |i e70b2ca1-f849-357a-a2c5-614c49466a86  |t 0 
952 f f |p normal  |a Texas A&M University  |b College Station  |c Sterling C. Evans Library  |d Evans: Library Stacks  |t 0  |e HC107.S7 S58 1958  |h Library of Congress classification  |i unmediated -- volume  |m A14800709499 
998 f f |a HC107.S7 S58 1958  |t 0  |l Evans: Library Stacks